000 01034nam a2200265Ia 4500
003 OSt
005 20220923211347.0
006 a|||||r|||| 00| 0
007 ta
008 220922b |||||||| |||| 00| 0 hin d
020 _a9788184551211 (hbk)
_c350
024 _a282,152
037 _b7344, 24/11/2014, Efficient Book Distributors
_cTextual
040 _aARTS
_cARTS
_bhin
041 _2hin
_ahin
082 _aV2y7M75, 152Q3
100 _aमंसूरी, मोहम्मद फरीश
245 0 _aलौह पुरूष सरदार वल्लभभाई पटेल
246 _aLauh purūṣh saradār vallabhabhāī paṭela
260 _aनई दिल्ली
_b ओमेगा पब्लिकेशन्स
_c2013
300 _a136पृ.
_ccm.
650 _aविश्व-इतिहास
942 _hV2y7M75, 152Q3
_cTEXL
_2CC
999 _c298760
_d298760